1092 1386 1009 1372 1760 1615 1565 1286 1049 1633 1598 1748 1392 1672 1903 1054 1415 1082 1080 1782 1955 1840 1264 1811 1395 1653 1650 1603 1134 1014 1662 1032 1510 1502 1569 1431 1681 1042 1396 1258 1297 1784 1312 1990 1661 1483 1074 1400 1629 1175 1185 1721 1878 1811 1617 1064 1980 1861 1234 1738 1855 1218 1736 1513 1519 1563 1295 1571 1047 1446 1450 1579 1358 1722 1290 1488 1680 1074 1323 1780 1276 1548 1627 1745 1500 1339 1701 1380 1357 1652 1561 1793 1846 1656 1455 1011 1779 1304 1679 BCNSPRNW ULIB Ver.6.0+V

เปลี่ยนเป็นภาษาไทย

Change to English
 แสดงรายละเอียดบรรณานุกรม
  กลับหน้าหลัก

Brief Record : Get Marc (ISO 2709) : E-mail record : QR code < ปิดหน้าต่าง
LEADER : 00000nam 2200000uu 4500
001    13399112875
003     ULIB
008    110915s2553||||th 000 0 tha d
020    9746459465(ล.2)
050  4 HA29.5.T5^bส719ส 2553 ล.2
110 2  มหาวิทยาลัยสุโขทัยธรรมาธิราช.^bสาขาวิชาวิทยาศาสตร์สุขภาพ
245 10  เอกสารการสอนชุดวิชาสถิติและการวิจัยสำหรับวิทยาศาสตร์สุขภาพ หน่วยที่ 8-15=^bStatistics and research in health science / ^cสาขาวิชาวิทยาศาสตร์สุขภาพ มหาวิทยาลัยสุโขทัยธรรมาธิราช
246 30 สถิติและการวิจัยสำหรับวิทยาศาสตร์สุขภาพ
246 31 Statistics and research in health science
250    พิมพ์ครั้งที่ 8 ฉบับปรับปรุงครั้งที่ 2
260    นนทบุรี :^bมหาวิทยาลัยสุโขทัยธรรมาธิราช,^c2553
300    เล่ม :^bภาพประกอบ
440  0 มหาวิทยาลัยสุโขทัยธรรมาธิราช ;^vอ.50103
504    บรรณานุกรมท้ายเล่ม
505 0  สารบัญ: ล.1. หน่วยที่ 1-7-- ล.2. หน่วยที่ 8-15
650  4 สถิติศาสตร์
650  4 วิจัย
650  4 วิทยาศาสตร์การแพทย์^xวิจัย
650  4 วิทยาศาสตร์สุขภาพ^xวิจัย
650  4 สถิติและการวิจัยสำหรับวิทยาศาสตร์สุขภาพ
945    ^p264^l0^i030515
945    ^p264^l0^i030516
945    ^p264^l0^i030517
945    ^p264^l0^i030518
945    ^p264^l0^i030519
945    ^p264^l0^i030520
945    ^p264^l0^i030521
995    เกษร
999 ^a ใช้งานได้ทุกระบบ
รายการนี้ยังไม่มีแท็ก
คุณยังไม่ได้ล็อกอิน คุณสามารถมีกิจกรรมร่วมกับเว็บไซต์ได้ แต่ต้องล็อกอินก่อน ::
  ล็อกอิน

รายการสื่อสารสนเทศ

ลำดับที่ ประเภท เลขเรียก/บาร์โค้ด สถานที่ สถานะ
- ไม่พบข้อมูล -

รายการใกล้เคียง
    หัวเรื่อง [สถิติศาสตร์]
    หัวเรื่อง [วิจัย]
    หัวเรื่อง [สถิติและการวิจัยสำหรับวิทยาศาสตร์สุขภาพ]

BibComment


ยังไม่เคยถูกคอมเมนท์

คอมเมนท์ทรัพยากรรายการนี้
  คอมเมนท์: เอกสารการสอนชุดว..


 Copyright 2026. Bcnsprnw @Library